[Event "Politiken Cup 03rd"]
[Site ""]
[Date "1981.??.??"]
[Round "10"]
[White "Taulbut Shaun M"]
[Black "McCambridge Vincent"]
[Result "1-0"]
[WhiteElo "2380"]
[BlackElo "2335"]
[Annotator "Ftacnik"]
[Source "EXT 2000"]
[Remark ""]

1.e4 c5 2.Nf3 e6 3.b4 cxb4 4.d4 Nf6 5.Bd3 d5 6.e5 Nfd7 7.a3 Nc6
8.O-O Qb6 9.Be3 Be7 10.c4 bxc3 11.Nxc3 a6 12.Ne2 Qc7 13.Nf4 b5
{?!} ( 13...Nb6 {%03'better is'} ) 14.a4 b4 ( 14...bxa4 15.Qxa4
Nb6 16.Qc2 ) 15.Nd2 Bb7 16.Nb3 O-O-O {?!} ( 16...Na5 {%03'better is'} )
17.Qe2 a5 18.Rfc1 Kb8 19.Bb5 Rc8 20.Rc2 Qb6 21.Rac1 Rc7 22.Qg4
g6 23.Nd3 Rhc8 24.Qf4 Ba6 ( 24...Rf8 25.Qh6 ) 25.Rxc6 Rxc6 26.Rxc6
Rxc6 27.Ndc5 {!} Bxc5 28.dxc5 Qc7 ( 28...Nxc5 29.Nxc5 Rxc5 30.Bxa6
$18 ) 29.Bxc6 Qxc6 30.Qxf7 Bc4 {?!} ( 30...Bc8 {%03'better is'} )
( 30...Qxa4 31.Qxe6 ) 31.Nd4 Qxa4 32.Qe8+ Kc7 ( 32...Kb7 33.c6+ )
( 32...Ka7 33.h3 ) 33.Nxe6+ Kb7 34.c6+ 1-0

[Event "CZE-chT 0102"]
[Site ""]
[Date "2001.12.15"]
[Round "4.1"]
[White "Vokac Marek"]
[Black "Stocek Jiri"]
[Result "1/2-1/2"]
[WhiteElo "2505"]
[BlackElo "2545"]
[Annotator ""]
[Source "EXT 2003"]
[Remark ""]

1.e4 c5 2.Nf3 d6 3.b4 cxb4 4.d4 Nf6 5.Bd3 e5 6.dxe5 dxe5 7.Nxe5
Bc5 8.Bb2 O-O 9.Nd2 Nbd7 10.Nef3 Nb6 11.O-O Na4 12.Be5 Bg4 13.h3
Bh5 14.Qe1 Rc8 15.Bh2 Nc3 16.Nb3 Bxf3 17.Nxc5 Rxc5 18.Qe3 Nfxe4
19.Qxf3 Nd2 20.Qe3 Nxf1 21.Qxc5 Nxh2 22.Kxh2 a5 23.a3 b6 24.Qc6
Qd4 25.axb4 Qxb4 26.Re1 Nb5 27.Qe8 g6 28.Qe5 Nd6 29.c3 Qc5 30.Qxc5
bxc5 31.Re7 Ra8 32.Rd7 c4 33.Rxd6 cxd3 34.Rxd3 a4 35.Kg3 a3 36.Rd1
Rc8 37.Kf4 Rxc3 38.Rd8+ Kg7 39.Ra8 h5 40.h4 Kf6 41.Ra6+ Ke7 42.f3
Rc2 43.Rxa3 Rxg2 44.Ra7+ Kf8 45.Ra8+ Kg7 46.Ra7 Rg1 47.Rb7 Ra1
48.Rb4 Ra6 49.Rc4 Kf6 50.Rb4 Ke6 51.Re4+ Kd5 52.Re7 Rf6+ 53.Kg3
Kd4 54.Ra7 Rf5 55.Ra4+ Ke5 56.Ra6 Rf6 57.Ra7 Ke6 58.Rb7 Rf5 59.Rb6+
Ke7 60.Rb7+ Kf6 61.Ra7 Kg7 62.Rb7 Ra5 63.Rb4 Ra7 64.Kf4 Kh6 65.Rc4
Ra6 66.Rb4 f6 67.Rc4 Rb6 68.Ra4 Rc6 69.Rb4 Ra6 70.Rc4 Ra5 71.Rc6
Rf5+ 72.Ke4 Ra5 73.Kf4 Rf5+ 74.Ke4 Re5+ 75.Kf4 Kg7 76.Rc7+ Kf8
77.Rc8+ Kf7 78.Rc7+ Re7 79.Rc4 Ra7 80.Rb4 Ra6 81.Rc4 Ke6 82.Rb4
Rc6 83.Rd4 Rc5 84.Re4+ Re5 85.Ra4 g5+ 86.Kg3 Re3 87.hxg5 fxg5
88.Ra8 Kf6 89.Rh8 h4+ 90.Kg4 Re1 91.Rh6+ Kg7 92.Rh5 Rg1+ 93.Kf5 1/2-1/2

[Event "CSR-ch"]
[Site ""]
[Date "1979.??.??"]
[Round "11"]
[White "Vokac Marek"]
[Black "Barczay Laszlo"]
[Result "0-1"]
[WhiteElo "2330"]
[BlackElo "2470"]
[Annotator "Vokac,Marek"]
[Source "MCD"]
[Remark ""]

1.e4 c5 2.d4 cxd4 3.c3 dxc3 4.Nxc3 Nc6 5.Nf3 d6 6.Bc4 e6 7.O-O
Be7 8.Qe2 Nf6 9.Rd1 e5 10.h3 O-O 11.b3 Be6 ( 11...a6 12.Ba3 Qa5
13.Qb2 Nb4 14.Rac1 b5 15.Bxb4 Qxb4 16.Nd5 Nxd5 17.Bxd5 Ra7 )
12.Nd5 Bxd5 13.exd5 ( 13.Bxd5 Nxd5 14.Rxd5 Qd7 15.Ba3 Qe6 16.Rad1
Rad8 17.Qd3 f5 ) Nb8 14.Nxe5 ( 14.a4 $15 ) dxe5 15.d6 Bxd6 16.Ba3
Bxa3 17.Rxd8 Rxd8 18.Qxe5 Nc6 19.Qf4 Rd4 20.Qc7 Rd7 21.Qf4 Rad8
22.g4 Bd6 23.Qe3 Re7 24.Qc1 Nd4 25.Kg2 b5 26.Bf1 Ne4 27.Qb2 Ne6
28.Rd1 b4 29.Qc1 Nc3 30.Rd3 Red7 31.Rf3 Bf4 32.Rxf4 Rd1 33.Qe3 0-1

[Event "Bad Woerishofen op 21st"]
[Site ""]
[Date "2005.03.05"]
[Round "3"]
[White "Hedke Fred"]
[Black "Tiviakov Sergei"]
[Result "0-1"]
[WhiteElo "2337"]
[BlackElo "2627"]
[Annotator "Gutman"]
[Source "CBM 107"]
[Remark ""]

1.e4 c5 2.d4 cxd4 3.c3 dxc3 4.Nxc3 Nc6 5.Nf3 d6 6.Bc4 e6 7.O-O
Be7 8.Qe2 Nf6 9.Rd1 e5 10.h3 O-O 11.Be3 {?!} ( 11.Bg5 Be6 12.Rd2
( 12.Bxf6 Bxf6 13.Nb5 Be7 14.Bxe6 fxe6 15.Qd3 Qd7 16.Rd2 Rad8
17.Rad1 a6 18.Nxd6 Qc7 19.Qb3 Bxd6 20.Qxe6+ Kh8 21.Rxd6 Nd4 { Ilic- Sofrevski, Jugosalwien 1975}
) Rc8 13.Bxf6 Bxf6 14.Bxe6 fxe6 15.Rad1 Nd4 16.Nxd4 exd4 17.Nb5
e5 18.Nxa7 Ra8 19.Nb5 Rf7 { Schein- Computer Schredder, Israel 2000,}
20.b3 {!?} ) Be6 12.Bxe6 fxe6 13.Rac1 Rc8 14.b4 Nxb4
( 14...a6 15.b5 axb5 16.Qxb5 Qd7 17.Na4 Nd4 18.Nxd4 exd4 19.Qxd7
Nxd7 20.Bxd4 {=} { Pokojowczyk- Gligoric, Jug 75} ) 15.Qb5
( 15.Nxe5 Qa5 16.Nf3 Qa3 ( 16...h6 {?} 17.Nd4 { Schuh- Steudel, Merzig 96}
) ) Nc6 ( 15...d5 16.Nxe5 Bd6 {!?} ( 16...a6 17.Qxb7 Qc7 18.Qxc7
Rxc7 19.Nxd5 { Maric- Trifunovic, Sarajevo 58} ) 17.Ng4 Nxg4
18.hxg4 Qh4 19.e5 Bxe5 20.Qxb4 Rc4 { kommt in Betracht} ) 16.Qxb7
Na5 {!?} ( 16...Rc7 17.Qb3 Qd7 18.Ng5 Nd8 {McDonell- O Connell, Limerick 91}
) 17.Qxa7 ( 17.Qa6 Nc4 18.Bxa7 Qd7 19.a4 Rc7 20.Bb6 Rc6 21.a5
Qc8 22.Qxc8 Rfxc8 23.Na2 d5 24.exd5 exd5 ) Ra8 18.Qb6 Qxb6 19.Bxb6
Nc4 $19 20.Bc7 Rfc8 21.Nb5 Ra4 22.Rc2 Nxe4 23.Rdc1 Na5 24.a3
Nb3 25.Rc4 Nxc1 26.Rxa4 Ne2+ 27.Kf1 N2c3 28.Nxc3 Nxc3 0-1

[Event "Clarin GP final"]
[Site ""]
[Date "1997.??.??"]
[Round "6"]
[White "Braga Fernando Alberto"]
[Black "Spangenberg Hugo"]
[Result "1/2-1/2"]
[WhiteElo "2455"]
[BlackElo "2550"]
[Annotator "Har Zvi"]
[Source "CBM 058"]
[Remark ""]

1.e4 c5 2.c3 d5 3.exd5 Qxd5 4.d4 Nf6 5.Nf3 Bg4 6.Be2 e6 7.h3
Bh5 8.O-O Nc6 9.a3 {9.Be3 is of course the main line}
( 9.c4 Qd7 ( 9...Qd8 10.dxc5 Bxc5 11.Nc3 Qxd1 12.Rxd1 Rd8 13.Bg5
h6 14.Rxd8+ Kxd8 15.Rd1+ Kc8 16.Bxf6 gxf6 17.a3 Rd8 18.Rxd8+
{1/2-1/2 Rozentalis,E-Lukin,A  Klaipeda 1988} ) 10.g4 Bg6 11.Be3
cxd4 12.Nxd4 Bc5 13.Nb5 Bxe3 14.Qxd7+ Nxd7 15.fxe3 Ke7 16.N1c3
Rhd8 17.Rfd1 Nc5 $15 {Polak,T-Babula,V  Zlin 1995} ) cxd4
( 9...Be7 10.c4 Qd8 11.dxc5 Qxd1 12.Rxd1 a5 13.Be3 Ne4 14.Nbd2
{!?} ( 14.Nc3 Nxc3 15.bxc3 Bg6 16.Nd4 O-O-O 17.Nxc6 bxc6 18.Bf3
Bf6 19.Rac1 Rxd1+ 20.Rxd1 Rd8 21.Rxd8+ Kxd8 22.Bxc6 Bxc3 23.Bb5
e5 24.f3 Kc8 25.Kf2 Bb2 26.a4 Bd4 {=} {Short,N-Topalov,V  Novgorod 1995 63/(122)}
) Nxc5 15.b4 Na4 16.b5 Nd8 17.Ne4 $14 {Sariego,W-Cruz_Lima,J  Cuba (ch) 1996 66/(110)}
) 10.cxd4 {Pawn Structure} Be7 11.Nc3 Qd6 12.Be3 O-O 13.Qb3 {now we have reached a position which results from 9.Be3}
a6 ( 13...Rfd8 14.Rfd1 Rab8 ( 14...Rac8 15.Rac1 Qb8 {?!}
( 15...Nd5 ) 16.d5 {!} exd5 17.Nxd5 Nxd5 18.Rxd5 Bg6 19.Rb5 {!$14}
{Nunn,J-Lutz,C  Deutschland 1994 62/142 [Nunn,J]} ) 15.Rac1 Nd5
16.Nxd5 exd5 17.Qb5 f6 18.b4 Re8 19.Rc3 Bd8 20.Qc5 Be7 21.Qxd6
{1/2-1/2 Sermek,D-Lutz,C  Ptuj 1995} ) 14.Rfd1 Rfd8 15.Rac1 b5
16.Qa2 Rac8 ( 16...b4 {!?} 17.Na4 ( 17.axb4 Nxb4 ) bxa3 18.bxa3
Nd5 19.Nc5 Rdc8 $13 20.Bxa6 {?!} Ncb4 21.axb4 Nxb4 ) 17.b4 Bf8
( 17...Bg6 {
 without the f6 and c3 knight black should be better,the knight on c3 controls
the very important e4-d5 squares,so by playing Bg6 black makes a move such as Nd5 or Ne4 possible}
{!?} ) 18.g3 Ne7 19.Bg5 {!?} ( 19.Bf4 Qb6 20.Bg5 Qb7 $13 ) Rxc3
{!?} {making things interesting,but it was also possible I think just to move the
Queen for example Qb6 since after Bxf6 gxf6 the "d4" may become weak after f5 and Bg7 one day}
20.Rxc3 Ne4 21.Rcd3 ( 21.Re3 Nxg3 22.Bxe7 Nxe2+ 23.Qxe2 Bxe7
{reaches nearly the same position as in the game but white prefered to have his
rook on d3 not e3 since he wants to simplfy the position and go into the endgame}
) Nxg3 22.d5 ( 22.Bxe7 Nxe2+ 23.Qxe2 Bxe7 24.d5 e5 {transposes into the game}
) ( 22.fxg3 {?} Qxg3+ 23.Kf1 Bxf3 24.Rxf3 ( 24.Bxe7 Qxh3+ 25.Ke1
Qh1+ 26.Kd2 Qh6+ 27.Kc3 Bd5 $19 ) Qxg5 $17 {%04/-+} {%15LD(e7:d5) LD(e7:f5)}
) Nxe2+ 23.Qxe2 e5 {%15LD(f7:f6)} 24.Bxe7 Bxe7 25.Qxe5 $7 {
 white is 100% right in his decision to give back the exchange,since there are
simply to many pieces along the deadly diagonal h5-d1 white will be able to
move all of them before losing a lot of material. some examples}
( 25.Rc3 Qg6+ 26.Kh2 e4 ) ( 25.Kh1 f5 {!} {%15LD(e5:e4)} 26.Qxe5
Bxf3+ ) ( 25.Kf1 e4 26.Qxe4 Bg6 ) Qxe5 26.Nxe5 Bxd1 27.Rxd1 Bd6
28.Nc6 Re8 29.Ra1 {!?} ( 29.Kf1 Kf8 30.Re1 {
 after Ra1 the position may transpose into the game,at first I thought changing
is a possible idea but after looking at the position few more minutes I think
it is quite a bad idea for white,since the knight on c6 is bad,and the d5 pawn becomes weak}
Rxe1+ 31.Kxe1 Ke8 32.Kd2 Kd7 33.Kd3 Bc7 {!} {with the idea simply Kd6-g6-f5 and Bb6 just going for the d5 pawn}
{%15A(d5)} ) g6 30.a4 Re4 31.axb5 axb5 32.Ra8+ Kg7 33.Ra5 Bxb4
34.Rxb5 {it is a correct idea for white to exchange the "a" and "b" pawns since it is
well knowen that a bishop is much better than a knight with pawns on both
wings,now white has only one weakness the d5 pawn,but it seems he can hold the endgame}
Bd6 35.Rb7 Rf4 36.Nd8 {%15LD(d8:e6)} Kf8 37.Kg2 Rf5 38.Rb5 Ke7
39.Nb7 Kd7 40.Na5 {%15LD(a5:c4)} Rf4 41.Nb7 Rc4 ( 41...Rb4 {??}
42.Nxd6 Rxb5 43.Nxb5 ) 42.Nxd6 Kxd6 43.Kg3 ( 43.Rb7 {?} Rf4 {!}
44.Rb5 Rf5 ) Re4 {%15LD(e4:e5) LD(e5:f5)} 44.f4 {!} {not allowing black to play Re5-Rf5}
f5 45.h4 Re3+ 46.Kg2 Rc3 47.Ra5 Rc7 48.Kg3 {black can not reach the d5 pawn}
Rc3+ 49.Kg2 Rb3 50.Ra7 h5 51.Ra6+ Kxd5 52.Rxg6 Ke4 53.Rg5 Kxf4
54.Rxh5 Rb2+ 55.Kg1 Ke4 56.Kf1 Ra2 57.Rg5 1/2-1/2

[Event "Perenyi mem"]
[Site ""]
[Date "2000.01.26"]
[Round "3"]
[White "Vajda Levente"]
[Black "Wang Rui "]
[Result "0-1"]
[WhiteElo "2459"]
[BlackElo "2496"]
[Annotator "Rogozenko"]
[Source "CBM 076"]
[Remark ""]

1.e4 c5 2.c3 d5 3.exd5 Qxd5 4.d4 Nf6 5.Nf3 e6 6.Be3 {
The idea of this move is to force Black to exchange on d4, thus preparing Nc3
and Bd3. Otherwise Black tries usually to keep the pressure in the center as log as possible.}
cxd4 7.cxd4 Nc6 8.Nc3 Qd6 9.a3 {This is another move which White has to make for developing the Bishop on d3.}
Be7 10.Bd3 O-O 11.O-O b6 12.Qe2 Bb7 13.Rad1 Rfd8 14.Rfe1 Rac8
{A typical position with isolated pawn arised. White has good chances to seize
the initiative, but Black has no weaknesses and is also well developed. The position is balanced.}
15.Bb1 ( 15.Bg5 {is the alternative} g6 16.Bc4 Na5 17.Ba2 Re8
18.Ne5 $36 {1-0 Kosintseva,T-Shadrina,T/Moscow 1999 (51)} ) Nd5
{N} ( 15...Rd7 16.Bc1 g6 17.Ba2 Bf8 18.Bg5 Bg7 19.Bxf6 Bxf6 20.d5
{!$36} {1-0 Vajda,S-Jicman,L/Iasi 1999 (33)} ) ( 15...h6 ) 16.Ne4
Qb8 17.Bc1 Nf4 18.Qe3 Ng6 19.Nfg5 ( 19.h4 {!?} Nxh4 {%03'with the idea'}
{?} ( 19...Bxh4 {?} 20.Nxh4 Nxh4 21.Qh3 {!} ( 21.Qg5 Ng6 22.Nf6+
{!$13} ) Nf5 ( 21...Ng6 22.Ng5 h6 23.Nxf7 Kxf7 24.Qxe6+ $18 )
22.d5 $36 Ncd4 23.Nf6+ {!} gxf6 24.Rxd4 Nxd4 25.Qxh7+ Kf8 26.dxe6
Ne2+ 27.Kf1 {winning} ) ( 19...h6 20.h5 Nf8 21.Ba2 $14 ) 20.Nxh4
Bxh4 21.Qh3 Be7 22.Ng5 h6 23.Nxf7 {!$18} ) Nf8 20.Ba2
( 20.h4 h6 21.Nf3 $13 ) Na5 21.Qf3 Bxg5 22.Bxg5 Re8 23.Bf4
( 23.d5 exd5 24.Bxd5 Bxd5 25.Rxd5 $14 {%04/=.} ) Qa8 24.Be5 Bxe4
25.Rxe4 ( 25.Qxe4 Qxe4 26.Rxe4 Ng6 {=} ( 26...Rc2 {?!} 27.d5
$36 {%15LA(e5:c3)} ) ) Nc4 26.h4 Nxe5 ( 26...Nxb2 27.Rde1
( 27.Rg4 {!?} Ng6 28.Qxa8 Rxa8 29.Rd2 Na4 30.d5 Nxe5 31.Rxa4
$44 ) Nc4 $45 ) 27.dxe5 Red8 28.Rxd8 Rc1+ 29.Kh2 Qxd8 $13 30.h5
{?!} ( 30.Bb3 {=} ) Qg5 $131 31.Bc4 g6 ( 31...Nd7 {%02!?$131} )
32.b3 gxh5 33.Be2 Rb1 34.Qd3 ( 34.Qe3 Qxe3 35.Rxe3 $44 ) Rc1
35.g3 Ng6 36.f4 Qe7 37.Bxh5 Qxa3 38.Ra4 ( 38.Qd8+ Qf8 39.Rd4
Qxd8 40.Rxd8+ Kg7 $17 ) Qb2+ 39.Kh3 Kg7 40.Rxa7 Nxf4+ {!} 41.gxf4
Rc3 0-1

[Event "EU-Cup 23rd"]
[Site ""]
[Date "2007.10.05"]
[Round "3"]
[White "Simacek Pavel"]
[Black "Gnichtel Gerd"]
[Result "1-0"]
[WhiteElo "2472"]
[BlackElo "2228"]
[Annotator "Vokac,Marek"]
[Source "CBM 121"]
[Remark ""]

1.e4 c5 2.c3 Nf6 3.e5 Nd5 4.d4 cxd4 5.Nf3 e6 6.cxd4 b6 7.Nc3
Nxc3 8.bxc3 Qc7 9.Bd2 d6 10.Bd3 Nd7 11.Ng5 ( 11.exd6 )
( 11.O-O ) Bb7 12.Qh5 g6 13.Qh3 dxe5 14.O-O Be7 15.Rae1
( 15.Rfe1 ) Bxg5 ( 15...Bd5 ) 16.Bxg5 Qxc3 {?} ( 16...f5 17.dxe5
O-O 18.Be7 Rf7 19.Bd6 Qc6 ) 17.Rc1 Qxd4 18.Rfd1 Rc8 19.Bxg6 Rxc1
20.Qxe6+ 1-0

[Event "Ljubljana"]
[Site ""]
[Date "1997.??.??"]
[Round "3"]
[White "Pavasovic Dusko"]
[Black "Peptan Corina"]
[Result "1-0"]
[WhiteElo "2460"]
[BlackElo "2425"]
[Annotator "Har Zvi"]
[Source "CBM 058 ext"]
[Remark ""]

1.e4 c5 2.c3 Nf6 3.e5 Nd5 4.d4 cxd4 5.Nf3 e6 6.cxd4 b6 7.Nc3
Nxc3 8.bxc3 Qc7 9.Bd2 Bb7 10.Bd3 d6 11.O-O Nd7 12.Ng5
( 12.Re1 dxe5 13.Nxe5 Nxe5 14.Rxe5 Bd6 15.Bb5+ Kf8
( 15...Bc6 16.Qf3 Rc8 ( 16...O-O-O 17.Bxc6 Bxe5 18.a4 Rd6 19.Ba8
( 19.Bb5 Rd5 20.c4 Rxd4 21.Bc3 Qb7 22.Ba6 Qxa6 23.Bxd4 Bxd4 24.Qc6+
Kb8 25.Qd6+ Ka8 26.Qxd4 Rc8 $17 {Sequeira,J-Akopian,V/WchJ/1991/} )
Re8 20.Bc1 {0,5/Rojo Gomez,J-De la Villa,O/ESP-ch/1993/} ) 17.Bxc6+
Qxc6 18.d5 Qb7 19.Rh5 e5 20.Re1 f6 21.Qh3 Qd7 22.Qh4 Qf7 23.Rxh7
Rxh7 24.Qxh7 Qxd5 25.Be3 Bf8 26.Qg6+ Qf7 27.Qc2 Qc4 28.Rd1 {½-½ Lombardy,W-Panno,O/Buenos Aires ARG-WORLD 1994/CBM 42/[Hansen,Cu]}
) 16.Rh5 g6 17.Rh3 h5 18.Qe2 Bf4 19.Re1 Kg7 20.Bxf4 Qxf4 21.Ba6
Bxa6 22.Qxa6 Qd2 23.Kf1 {=} {/$15 ½-½ Blatny,P-Akopian,V/Philadelphia World op 1994/EXT 94op (38)}
) dxe5 13.Qh5 g6 14.Qh3 Be7 15.Rae1 ( 15.Rfe1 Bd5 ( 15...Rf8
{!} {'with the idea'16...0-0-0/} 16.dxe5 ( 16.Nxh7 {?!} Rh8 $15 )
( 16.Qxh7 O-O-O ( 16...Nf6 17.Bb5+ Bc6 18.Bxc6+ Qxc6 19.Qh3 $13 )
17.Nxf7 Nf6 18.Qg7 ( 18.Qh3 Rxf7 19.Qxe6+ Kb8 20.Qxf7 $18 {Stevic,H-Grosar,A  Mravinci 1995}
) Rg8 19.Qh6 $13 ) O-O-O 17.Bf4 Nc5 18.Bc2 h6 {!$15} 19.Qxh6
{?!} ( 19.Ne4 Nxe4 20.Bxe4 Bxe4 21.Rxe4 h5 $15 ) ( 19.Nf3 Nd3
20.Bxd3 Rxd3 $17 ) Rh8 20.Qg7 Rh4 {!$17} {0-1 Nadyrhanov,S-Zvjaginsev,V/St.Petersburg op2 1994/EXP 43/[Belov] (42)}
) ( 15...a6 16.dxe5 ( 16.a4 Rc8 17.Qh6 ( 17.Bxg6 {?} fxg6 18.Qxe6
Qc4 {!} ) ( 17.dxe5 Nc5 18.Bc2 Qd8 {!} {%15A(d2) A(g5)} 19.Qe3
h6 ) Bf8 18.Qh3 Be7 19.Qh6 Bf8 ( 19...Bxg5 20.Bxg5 Qxc3 21.Bxg6
{!} Rf8 ( 21...fxg6 22.Qg7 ) 22.Bh5 $40 ) 20.Qh3 Bg7 21.f4
( 21.Nxe6 fxe6 22.Qxe6+ Kf8 23.Bc1 {!} Bf6 ( 23...Re8 24.Ba3+
Nc5 25.Qg4 $40 ) ( 23...exd4 24.cxd4 {!} {%15LD(c1:a3)}
( 24.Qe7+ Kg8 25.Qe6+ Kf8 26.cxd4 {!} ) Bxd4 {??} 25.Bh6+ Bg7
26.Qe7+ ) 24.Bh6+ Bg7 25.Bc1 {=} ) e4 ( 21...exf4 {?} 22.Nxe6
( 22.Rxe6+ Kf8 $8 ) fxe6 23.Qxe6+ Kf8 24.Bxf4 {!} Qxf4 25.Rf1
$18 ) ( 21...exd4 22.Nxe6 fxe6 23.Qxe6+ Kf8 24.Qe7+ {=} ) 22.Nxe4
{?!} ( 22.Bxe4 {!?} Bxe4 ( 22...Nf6 23.Bxb7 Qxb7 24.f5
( 24.Rxe6+ fxe6 25.Qxe6+ Kf8 26.Qd6+ Qe7 27.Ne6+ Ke8 {!} 28.Nxg7+
Kf7 ) gxf5 25.Qxf5 $36 ) 23.Rxe4 {%15A(e6)} ) O-O $15 {%15A(c3)}
{0-1 Zakharov,A-Neverov,V/RUS-Cup4 1997/CBM 58/[HarZvi,R] (59)} )
Nc5 17.Bc2 O-O-O {Ivanov,V-Sobolev,P/URS/1994/1:0/46/ Inf 59/177/}
( 17...Rd8 {?} 18.Bf4 f5 {?} 19.exf6 Qxf4 20.f7+ $7
( 20.fxe7 {??} Rd2 $19 ) Kd7 21.Nxe6 Nxe6 22.Rxe6 Bxg2 23.Kxg2
$18 {Ivanov,V.L-Sobalev  Cherepavec 1993 59/174 [Ivanov,V.L]} ) )
( 15...h6 {Belov} 16.dxe5 ( 16.f4 e4 {?} ( 16...Bxg5 $8 17.fxg5
h5 $13 ) ( 16...Bf6 {%15LD(h6:g5)} 17.Nxf7 {!} Kxf7 18.fxe5 $40 )
17.Nxe4 O-O-O 18.a4 {!} Nf6 19.Nxf6 Bxf6 20.a5 $40 {/$16 Ivanov,V.L-Doroshkievich  Moscow 1995 65/152 [Ivamov,V.L]}
) Nc5 ( 16...Nxe5 {?} 17.Bf4 Bd6 18.Nxe6 ) 17.Bb5+ Kf8 $13 {Ivanov/} )
16.a4 Bc4 17.Bc2 f5 18.dxe5 Nc5 19.Be3 Rd8 20.Qh6 Qxe5 21.Bxc5
Bxg5 22.Qxg5 Qxc5 {/-+ 0-1 Yagupov,I-Akopian,V/Berliner Sommer 1996/EXP 54 (37)}
$17 ) Rf8 {
in a few moves we will see that black's idea of sacrifising 2 pawns is not a
very good one,insted he may play 15...Bd5 or even 15...Bxg5,but the blame for
black's position in a few moves should  not be 15...Rf8  but 16...e4 which simply gives a pawn}
16.Qxh7 e4 {?!} ( 16...O-O-O {!?} 17.Nxf7 Nf6 18.Qh3 Rxf7 19.Qxe6+
Qd7 20.Qxf7 Bxg2 21.Kxg2 Qg4+ 22.Kh1 Qf3+ 23.Kg1 Qg4+ {½-½ Westerinen,H-Djurhuus,R/Nordic Grand Prix 1997/EXP 56}
) 17.Nxe4 O-O-O 18.Qh3 {so now white is just a pawn up,when black has to prove his compensation,I believe this is an "impossible mission"}
$16 Bxe4 ( 18...f5 19.Ng5 Rh8 20.Qg3 Bd6 21.f4 ) ( 18...Rh8 19.Qg3
Qc6 20.Bf4 g5 {%03'with the idea'} 21.Bd6 {!$16} {%04/+-} ) 19.Bxe4
Rh8 20.Qg3 Bd6 21.f4 g5 22.Qf3 ( 22.Qxg5 {?!} f5 ( 22...Rdg8
{?} 23.Qb5 ) 23.Bxf5 exf5 24.Qxf5 $13 {
when the position is of course very complicated,but I prefer white since 4
pawns for a piece is some material advantage,when it's not easy to see how can black attack white's king}
) Rh4 ( 22...Nf6 23.g3 {
the simplest and strongest move,since I do not want to allow black to play Nd5
when I can not move my "f" pawn I want my bishop on e4 now if it is my turn again I can play Bd3}
{!$16} ) 23.g3 Rh3 24.Re2 ( 24.Bd3 {!?} ) Rdh8 25.Rg2 {
well after sacrifising a pawn and having an initiative for no more than 5 moves
black has nothing,his initiative is over white has now the initiative plus of course an extra pawn}
( 25.fxg5 {?} Bxg3 ) g4 ( 25...gxf4 26.Bxf4 Bxf4 27.Qxf4 Qxf4
( 27...Qxc3 {??} 28.Rc1 ) 28.Rxf4 $16 {%04/+-} ) 26.Qe2
( 26.Qxg4 {??} f5 ) Nf6 27.Bd3 Kb8 28.c4 {now it is white time,the threat is c5}
Qc6 29.Rb1 ( 29.c5 bxc5 30.Rb1+ Ka8 ) Bc7 30.Be3 {
in the next moves white simply place his pieces in the sqayres he
wants,espcially the d3 bishop on the h1-g2vdiagonal,when black has really no play at all}
R3h5 31.Qc2 Qf3 32.Qe2 Qc6 33.Rb2 Ra5 34.Rb3 Qf3 ( 34...Rd8 )
35.Rf2 Qc6 ( 35...Qxe2 36.Rxe2 $16 ) 36.Qc2 Rah5 37.Bf1 {!} Qd7
38.a4 {%15LD(b3:b5)} Ra5 39.Rb5 $18 Rh5 40.Bg2 a6 41.Rxh5 Rxh5
( 41...Nxh5 {?} 42.Qe4 Kc8 43.Qa8+ Bb8 44.Rb2 Qc7 45.d5 {and the game is over}
) 42.Qb3 Kc8 ( 42...Ra5 43.Ra2 ) 43.d5 Qd6 ( 43...exd5 44.cxd5
{%15A(b6) LD(f2:c2)} Nxd5 45.Rd2 $18 ) 44.a5 {!} Nd7 45.Qa4 {?!}
( 45.Rb2 {%03'better is'} {this move just wins immediately} bxa5
( 45...Nc5 46.Qb4 ) 46.Qb7+ Kd8 47.Qa7 {%15LD(c4:c5)} exd5
( 47...Qa3 48.Rb7 $18 ) 48.Qa8+ Bb8 ( 48...Ke7 49.Re2 {is the end} )
49.c5 Qf6 50.Rxb8+ Nxb8 51.Qxb8+ Kd7 52.Bxd5 {winning} ) exd5
46.cxd5 b5 47.Qd1 f5 {?!} ( 47...Kd8 {%03'better is'} 48.Qxg4
( 48.Bd4 {!} ) Nf6 ) 48.Rc2 {!$18} Kd8 49.Qc1 {the game is over}
Bxa5 50.Rc8+ Ke7 51.Qa1 Bd8 52.Rc6 Qb4 53.Qg7+ Ke8 54.Re6+ Be7
55.d6 1-0